Collocations in Business English

Gespeichert in:
Bibliographische Detailangaben
1. Verfasser: Bričová, Zuzana
Format: Buchkapitel
Sprache:Englisch
Schlagworte:
Tags: Tag hinzufügen
Keine Tags, Fügen Sie das erste Tag hinzu!

MARC

LEADER 00000naa$a2200000$$$4500
001 0032207
005 20221207121536.0
041 0 |a eng 
044 |a SK 
245 1 0 |a Collocations in Business English  |c Zuzana Bričová 
610 2 0 |a vyučovanie 
610 2 0 |a študenti 
610 2 0 |a jazyky cudzie 
610 2 0 |a angličtina 
610 2 0 |a metodika 
610 2 0 |a učitelia 
100 1 |a Bričová, Zuzana